书目信息 |
| 题名: |
老兵讲述
|
|
| 作者: | 沈晓昭 , 韩淑芳 主编 | |
| 分册: | 1 | |
| 出版信息: | 北京 中国文史出版社 2016 |
|
| 页数: | 288页 | |
| 开本: | 24cm | |
| 丛书名: | ||
| 单 册: | ||
| 中图分类: | E297.31 , K265.106 , K265.210.6 | |
| 科图分类: | ||
| 主题词: | 中国--历史 | |
| 电子资源: | ||
| ISBN: | 978-7-5034-6618-2 | |
| 000 | 01183nam0 2200301 450 | |
| 001 | 2153146473 | |
| 005 | 20211019145556.18 | |
| 010 | @a978-7-5034-6618-2@dCNY35.00 | |
| 100 | @a20160226d2016 em y0chiy50 ea | |
| 101 | 0 | @achi |
| 102 | @aCN@b110000 | |
| 105 | @ay z 000yy | |
| 106 | @ar | |
| 200 | 1 | @a老兵讲述@Alao bing jiang shu@h1@f沈晓昭,韩淑芳主编 |
| 210 | @a北京@c中国文史出版社@d2016 | |
| 215 | @a288页@d24cm | |
| 300 | @a抗战:刻骨铭心的记忆 | |
| 314 | @a主编:沈晓昭、韩淑芳 | |
| 330 | @a本书是一部“亲历、亲见、亲闻”的“三亲”史料,收录了70余篇八路军基层老兵在抗日战争期间的“三亲”文章。当时的他们多为八路军部队中奋战在一线的小兵。在这些文章中,他们记录了在抗战岁月中经历的点点滴滴,有为家乡而战的战斗情形,有与当地群众的鱼水之情,有弥足珍贵的战友情谊,也有在抗战期间生活与工作的艰苦。每篇文章都真实地展现了这些基层军人的爱国热情。 | |
| 601 | 02 | @a八路军@Aba lu jun@x抗日战争@j史料 |
| 606 | 0 | @a中国@x历史 |
| 690 | @aE297.31@v5 | |
| 690 | @aK265.106@v5 | |
| 690 | @aK265.210.6@v3 | |
| 701 | 0 | @a沈晓昭@Ashen xiao zhao@4主编 |
| 701 | 0 | @a韩淑芳@Ahan shu fang@4主编 |
| 801 | 0 | @aCN@b百万庄@c20211018 |
| 905 | @b1311252-55@dK265.210.6@e163:1@f4 | |
| 老兵讲述.1/沈晓昭,韩淑芳主编.-北京:中国文史出版社,2016 |
| 288页;24cm |
| 抗战:刻骨铭心的记忆 |
| ISBN 978-7-5034-6618-2:CNY35.00 |
| 本书是一部“亲历、亲见、亲闻”的“三亲”史料,收录了70余篇八路军基层老兵在抗日战争期间的“三亲”文章。当时的他们多为八路军部队中奋战在一线的小兵。在这些文章中,他们记录了在抗战岁月中经历的点点滴滴,有为家乡而战的战斗情形,有与当地群众的鱼水之情,有弥足珍贵的战友情谊,也有在抗战期间生活与工作的艰苦。每篇文章都真实地展现了这些基层军人的爱国热情。 |
| ● |
| 相关链接 |
|
|
|
|
正题名:老兵讲述
索取号:K265.210.6/163:1
 
预约/预借
| 序号 | 登录号 | 条形码 | 馆藏地/架位号 | 状态 | 备注 |
| 1 | 1311252 | 213112521 | 第二样本阅览室/ [索取号:K265.210.6/163:1] | 在馆 | |
| 2 | 1311253 | 213112530 | 第二借阅区/ [索取号:K265.210.6/163:1] | 在馆 | |
| 3 | 1311254 | 213112549 | 第二借阅区/ [索取号:K265.210.6/163:1] | 在馆 | |
| 4 | 1311255 | 213112558 | 第二借阅区/ [索取号:K265.210.6/163:1] | 在馆 |